| 000 | 00897cam a22002771 4500 | ||
|---|---|---|---|
| 001 | 11156 | ||
| 003 | BD-RjUL | ||
| 005 | 20211208235059.0 | ||
| 008 | 140126r19661964iluab b 000 0 eng | ||
| 035 | _a(BD-RjUL)11205 | ||
| 040 |
_aDLC/ICU _cICU _dDLC _dBD-RjUL _beng |
||
| 041 | _aeng | ||
| 082 | 0 | 0 |
_a551.792 _bBUE 1966 |
| 100 | 1 |
_aButzer, Karl W. _934511 |
|
| 245 | 1 | 0 |
_aEnvironment and archeology : _bAn introduction to Pleistocene geography / _cby Karl W. Butzer. |
| 260 |
_aChicago : _bAldine Pub. Co., _cc1964[Reprinted 1966]. |
||
| 300 |
_axviii, 524 p. : _billus., maps. ; _c24 cm. |
||
| 504 | _aBibliography: p. 472-510. | ||
| 650 | 0 |
_aPrehistoric peoples. _934070 |
|
| 650 | 0 |
_aPaleoclimatology. _932979 |
|
| 650 | 0 |
_aGeology, Stratigraphic _yPleistocene. _932621 |
|
| 650 | 0 |
_aPaleontology _yPleistocene. _934512 |
|
| 942 |
_2ddc _cBK |
||
| 999 |
_c11156 _d11156 |
||